000 00603nam a22002177a 4500
005 20170124110130.0
010 _aB-118600
020 _c00.00
_a8124202796
035 _aB-118600
037 _bCen Lib/Ret
040 _aDPL
_bEN
082 _aS
_bGOR
100 _aGorky, M.
_923347
245 _aSelected short stories /
_cby M.Gorky
260 _aNew Delhi
_bCrest Publishing House
_c2003
270 _aG-2, 16 Ansari Road, Daryaganj
_bNew Delhi
_e110002
300 _a639p.
_c18cm(Hb)
650 _aFiction--English
_923689
650 _aEnglish Literature
_932005
942 _2ddc
_cEN
_hS
_mGOR
999 _c131526
_d131526